Working with the very poor (Record no. 9661)

000 -LEADER
fixed length control field 00242nam a22001217a 4500
040 ## - CATALOGING SOURCE
Transcribing agency SK
082 ## - DEWEY DECIMAL CLASSIFICATION NUMBER
Classification number 305
100 ## - MAIN ENTRY--AUTHOR NAME
Personal name MAL SIMMONS
245 ## - TITLE STATEMENT
Title Working with the very poor
260 ## - PUBLICATION, DISTRIBUTION, ETC. (IMPRINT)
Place of publication Phnom Penh
Name of publisher MAL
Year of publication 2001
300 ## - PHYSICAL DESCRIPTION
Number of Pages 114p.
942 ## - ADDED ENTRY ELEMENTS (KOHA)
Koha item type សៀវភៅភាសាអង់គ្លេស
952 ## - LOCATION AND ITEM INFORMATION (KOHA)
Withdrawn status [LOCAL, KOHA] 0
952 ## - LOCATION AND ITEM INFORMATION (KOHA)
Withdrawn status [LOCAL, KOHA] 0
Holdings
Permanent Location Date acquired Koha item type Lost status Shelving location Barcode Current Location Full call number
Library Block C2016-09-06សៀវភៅភាសាអង់គ្លេស C189A01106Library Block C305 MAL 2001 C189
Library Block C2016-09-06សៀវភៅភាសាអង់គ្លេស C186A00800Library Block C305 MAL 2001 C186
មជ្ឈមណ្ឌលឯការនៃសាកលវិទ្យាល័យភូមិន្ទកសិកម្មចំការដូង

Powered by Koha